[Event "Baden-Baden"]
[Site "Baden-Baden"]
[Date "1985.??.??"]
[Round "12"]
[White "Kindermann, Stefan"]
[Black "Witt, Rob"]
[Result "0-1"]
[WhiteElo "2490"]
[BlackElo "2295"]
[Annotator "Rob Witt"]
[PlyCount "76"]
[EventDate "1985.07.??"]

{In de zomer van 1981 maakte ik voor het eerst kennis met het schaakfestival
van Baden-Baden. In dit fraaie Kurort vonden in het verleden beroemde
toernooien plaats in 1870 (1.Anderssen; 2.Steinitz) en 1925 (1.Aljechin; 2.
Rubinstein). Pas in 1981 vond er weer een grootmeesternooi plaats. In de foyer
stond een Mercedes te flonkeren voor de winnaar. Uiteindelijk was die voor
Miles voor Ribli en Korchnoi. Zelf speelde ik mee in het open toernooi. Alleen
al van de Nederlanders was ik nr. 9 op rating, dus ik beschouwde het
voornamelijk als een interessant vakantietoernooi. Tot mijn verbazing werd ik
met 7,5-9 tweede achter de ongenaakbare Paul van der Sterren (9-9!) en
kwalificeerde me voor het volgende grootmeestertoernooi. Helaas ging het
toernooi in 1982 niet door omdat de sponsor Mercedes Benz zich teruggetroken
had. Paul van der Sterren accepteerde een toernooi dat gehouden werd op een
boot die de Oostzee rondvoer en zelf kreeg ik het aanbod om weer het open
toernooi te spelen met startgeld en gratis verblijf. Ik weigerde beleefd met
de mededeling dat ik graag mijn recht op een grootmeestertoernooi in de
toekomst wilde behouden. Ook in 1983 en 1984 was er geen toernooi en eigenlijk
was ik mijn 'recht' al weer een beetje vergeten. Ik had inmiddels een groot
oud huis gekocht en twee kinderen gekregen, zodat ik ook niet veel meer deed
aan het schaken. In juni 1985 werd ik echter in mijn rust gestoord door een
brief uit Baden-Baden. Er zou op 28 juli weer een grootmeestertoernooi
beginnen en ik kreeg een uitnodiging. Diverse vrienden adviseerden mij ervan
af te zien, want dit kon alleen maar een traumatische ervaring worden. Ik
besefte echter dat dit mijn enige kans zou zijn om in zo'n gesloten toernooi
te spelen en dat ik eeuwig spijt zou hebben als ik de uitnodiging niet aannam.
Ik kreeg vier weken vrij van mijn werk en samen met Filip Goldstern gng ik mij
voorbereiden op de diverse tegenstanders. Vrijwel elke dag zaten we in de tuin
met een stapel informators en openingsboeken. Op de laatste dag voor mijn
vertrek heb ik nog zitten vluggeren met Jaap Harder, die een week later
onverwacht zou overlijden. Op 27 juli ging ik met Filip Goldstern op weg naar
Baden-Baden. Filip zou de eerste 5 ronden mijn secondant zijn en daarna het
open toernooi gaan spelen. We werden ondergebracht in een luxe hotel in een
riante suite met een prachtige badkamer. De volgende dag begon het toernooi in
het Kurhaus. Waarschjnlijk geïmponeerd door de hele entourage met dikke
tapijten en enorme kroonluchters boven mijn hoofd, begon ik slecht. Verlies
tegen Bastian, remise tegen Pachman en verlies tegen Geller. Daarna ging het
beter met een serie van zeven remises. Ze waren vrijwel allemaal tot op het
bot uitgevochten, maar of ik nu gewonnen stond (Mrdja en Timochenko) of slecht
(Quinteros) of zeer onduidelijk (Zsuzsa Polgar, Gheorghiu, Smejkal), remise
leek onontkoombaar. Nu mocht ik met 4-10 op zich niet ontevreden zijn, gezien
de verwachte score van 3,5-13, maar er ontbrak nog een winstpartij. De 11e
ronde brak ik af tegen Ermenkov in mindere maar houdbare stelling en in de 12e
ronde moest ik tegen Kindermann.} 1. e4 c5 {Kindermann had tot nu toe indruk
gemaakt met zijn 6,5-8 tegen de grootmeesters, maar punten verspeeld tegen de
mindere goden. Hij moest nu van mij winnen en in de laatste ronde van Bastian
voor de grootmeestertitel en toernooiwinst. Ik had op 1.e4 voor het toernooi
Frans en Russisch voorbereid. Om hem tegemoet te komen besloot ik echter
Siciliaans te spelen.} 2. Nf3 d6 3. d4 Nf6 4. Nc3 cxd4 5. Nxd4 Nc6 6. Bg5 e6 7.
Qd2 Be7 8. O-O-O O-O 9. Nb3 ({Ik had bij mijn voorbereiding me voornamelijk
geconcentreerd op de scherpe variant} 9. f4 h6 10. Bh4 e5 11. Nf5 Bxf5 12. exf5
exf4) 9... a6 {Ik lees in NewinChess magazine 1985/10 dat ik deze zet
logischer vond dan het vaker gespeelde Db6.} 10. Bxf6 {Bij mijn voorbereiding
had ik gebruik gemaakt van Cuijpers-Ligterink NK'85. Ik hoopte dat Kindermann
die partij niet zou kennen. Dat kon toen nog, want het was de gelukkige tijd
zonder databases en internet, zodat de informatie langzaam ging via
tijdschriften en de informator. Ook was er nog geen Fritz en Rybka, dus we
waren gewend om het gezonde verstand te gebruiken.} (10. h4 b5 11. Bxf6 gxf6
12. g4 b4 13. Ne2 Kh8 14. Ned4 Nxd4 15. Nxd4 Bb7 16. Bd3 Rg8 17. f3 a5 18. Ne2
Qb6 19. Kb1 a4 20. Rhg1 d5 21. g5 dxe4 22. fxe4 Qc5 23. Qf4 a3 24. gxf6 Bd6 25.
Qh6 Qe5 26. Nc3 Qf4 27. Rg5 Rxg5 28. e5 {1-0 Cuijpers,F (2370)-Ligterink,G 
(2450) NK Hilversum 1985}) 10... gxf6 (10... Bxf6 11. Qxd6 Bxc3 12. bxc3 Qf6
13. Qg3 {is beter voor wit.}) 11. Bd3 {Minder gebruikelijk.} Kh8 12. f4 Rg8 {
Ik had van Ligterink begrepen dat dit onontkoombare voorzorgsmaatregelen zijn.}
13. Rhg1 b5 14. Kb1 b4 15. Ne2 a5 $6 ({Beter was} 15... Qb6 {om wits volgende
zet te verhinderen.}) 16. Nbd4 Nxd4 17. Nxd4 Qb6 18. Nf3 $6 {Ondanks lang
nadenken een slechte zet. Beter was Lc4 met de bedoeling De2 enf5.} Bb7 19. Qe2
Qc5 {Ik gaf deze zet in 1985 een uitroepteken, maar directer lijkt toch} (19...
a4 $15) 20. f5 Rac8 {Dit speelde ik volgens het NiC-Magazine. Ik schreef
destijds: 'Zwart kan tevreden zijn. Wit heeft geen aanval en zwart dreigt met
de a-pion op te rukken. Kindermann komt met een gekunsteld plan na 35 minuten
nadenken.} ({Volgens mijn database speelde ik hier} 20... Rab8 {maar dat lijkt
niet logisch, want dan vervolgt wit met} 21. fxe6 fxe6 22. Bc4) 21. fxe6 fxe6
22. Bb5 $6 {dreigt Ld7 en verhindert a5-a4.} (22. g4) 22... f5 $1 {Maakt
ruimte voor de zwarte loper.} 23. Bd3 {Dit moet de bedoeling zijn geweest,
maar hij heef daarbij zwarts volgende zet overzien of onderschat.} Bf6 $1 24.
Rge1 {Hierna restte Kindermann slechts 11 minuten.} (24. exf5 Bxf3 25. Qxf3 Qd4
26. c3 (26. Kc1 Qxb2+ 27. Kd2 Qe5 28. Kc1 a4 $19) 26... bxc3 27. Bc2 Qb4 $19)
24... a4 25. Qd2 a3 (25... Bc3) 26. Qh6 Rg6 27. Qh3 Rg7 {Ik gaf deze zet
destijds een uitroepteken, maar veel sterker is} (27... Ba6 $19) 28. exf5 Bd5 {
Dat was waarschijnlijk de bedoeling van mijn vorige zet.} (28... axb2) 29. Qh6
{Ik herinner me dat er inmiddels een grote schare publiek om ons bord stond.}
Rf8 30. Rxe6 $2 {Probeert verwarring te zaaien in tijdnood.} ({Beter maar ook
verliezend was} 30. Qe3 Qxe3 31. Rxe3 axb2 $19) 30... axb2 $1 {Brengt
wendingen met Lxa2 in de stelling.} 31. c4 {Wanhoop.} (31. Rxf6 Bxa2+ 32. Kxb2
Qc3+ 33. Kc1 Rxf6 $19) 31... bxc3 32. Rxf6 Ra8 (32... Bxa2+ $1) (32... c2+ 33.
Bxc2 Bxa2+ 34. Kxb2 Rb8+ 35. Kc1 Rb1+ 36. Kd2 Rxg2+ 37. Kd3 Qc4+ 38. Ke3 Re2#)
33. Rf8+ Rxf8 34. f6 Bxa2+ 35. Kxa2 Ra8+ 36. Kb1 (36. Kb3 Ra3+ 37. Kc2 Rxg2+)
36... c2+ 37. Bxc2 Ra1+ 38. Kxb2 Qa3# {Met deze partij eindigde voor mij
kennelijk het toernooi. 's Avonds verloor ik ongeïnspireerd mijn hangpartij
tegen Ermenkov die volgens hem remise had moeten worden en de volgende ochtend
gaf ik tegen Farago op de 14e zet een stuk weg. Het was de langste partij van
de laatste ronde, want de rest speelde heel snel remise. Het toernooi werd
uiteindelijk gewonnen door Smejkal, op de voet gevolgd door Geller en
Kindermann. Zelf werd ik gedeeld 10 t/m 13 met 5-13. Laatste was Ermenkov, die
ik trouwens nog kende van het Europees jeugdkampioenschap in 1970. Maar dat is
een heel ander verhaal. Ik moet zeggen dat dit toernooi mijn mooiste
schaakervaring is. Vooral de vriendschappelijke omgang met en het analyseren
met de grootmeesters zal ik nooit vergeten. Nog een paar memorabele
gebeurtenissen moet ik kwijt. Bij aankomst in onze koninklijke suite was Filip
meteen in bad gegaan. Vervolgens liepen we, Filip alleen gekleed in badhandoek,
de tuin in en zagen de tuindeuren van de suite naast ons openstaan. Wij naar
binnen en terwijl we bewonderend om ons heen keken, kwam plotseling de
toernooidirecteur binnen met Zsuzsa Polgar en haar moeder. Filip hield zijn
badhandoek wat steviger vast, mompelde wat verontschuldigingen en we spoedden
ons naar ons eigen vertrek. Vervolgens ging ik in bad en terwijl ik me
wentelde in het marmeren in de vloer verzonken bad, werd er op onze deur
geklopt. Het bleek Lev Gutman te zijn. Hj speelde in het open toernooi en hij
wilde graag met mij ruilen. Filip wees zijn voorstel resoluut van de hand,
maar hij bleef aandringen. Het was heel belangrijk dat hij grootmeester werd,
want hij had een gezin te onderhouden in Israel en joden hadden het toch al
moeilijk. Hij zou zorgen voor een toernooi in Israel en we konden natuurlijk
in de suite blijven, enz. enz. Op een gegeven moment kreeg Filip er genoeg van.
"Je bent veel te oud om grootmeester te worden en ik ben zelf jood. Zoek
gewoon een fatsoenlijke baan om je gezin te onderhouden en val ons verder niet
lastig." Uiteindelijk droop Gutman af. Een ander aardig verhaal is mijn partij
tegen Quinteros. We hadden de hele avond Slavisch voorbereid en de volgende
ochtend na het ontbijt ook nog een beetje. Toen we 's middags naar de
toernooizaal liepen, bedacht ik dat ik eigenlijk helemaal geen zin had in
Slavisch. Ik besloot de Hollandse Stonewall te spelen, maar zei niks tegen
Filip. Aangekomen in de zaal, een soort arena met touwen erom heen, ging ik
zitten. Quinteros schudde me de hand, opende 1.d4 en ik antwoordde 1....f5!?
Filip zei achteraf dat hij bijna van zijn stoel viel. Gelukkig werd de partij
na spannende strijd remise. Een andere mooie herinnering is mijn partij tegen
Smejkal. De partij werd afgebroken na mijn 42e afgegeven zet in een zeer
onoverzichtelijke stelling. Na het diner hebben we vele uren geanalyseerd. We
vonden diverse remisevarianten maar tegen één bepaalde methode op zet 45
konden we niks vinden. De volgende ochtend kwamen de zetten 43 en 44 snel op
het bord. Toen begon Smejkal na te denken, heel lang na te denken. Tenslotte
koos hij voor een voortzetting die wij naar remise hadden geanalyseerd. Toen
ik hem achteraf vroeg waarom hij op zet 45 niet anders had gespeeld, vertelde
hij dat hij dat ook van plan was geweest, maar dat hij tijdens het ontbijt
iets voor mij had gevonden waardoor hij groot gevaar liep. In die drie
kwartier had hij geconcludeerd dat hij dan alleen maar groot risico liep en
besloot toen remise te maken.} 0-1